EVERY Billboard Hot 100 #1 Hit of 2003 - Statistics

General Stats
  • This quiz has been taken 12 times
  • The average score is 21 of 52
Answer Stats
Issue Date #1 Hit Artist % Correct
March 8 In da Club 50 Cent
82%
March 15 In da Club 50 Cent
82%
March 22 In da Club 50 Cent
82%
March 29 In da Club 50 Cent
82%
April 5 In da Club 50 Cent
82%
April 12 In da Club 50 Cent
82%
April 19 In da Club 50 Cent
82%
April 26 In da Club 50 Cent
82%
May 3 In da Club 50 Cent
82%
December 13 Hey Ya! OutKast
73%
December 20 Hey Ya! OutKast
73%
December 27 Hey Ya! OutKast
73%
January 4 Lose Yourself Eminem
55%
January 11 Lose Yourself Eminem
55%
January 18 Lose Yourself Eminem
55%
January 25 Lose Yourself Eminem
55%
July 12 Crazy in Love Beyoncé ft. Jay-Z
45%
July 19 Crazy in Love Beyoncé ft. Jay-Z
45%
July 26 Crazy in Love Beyoncé ft. Jay-Z
45%
August 2 Crazy in Love Beyoncé ft. Jay-Z
45%
August 9 Crazy in Love Beyoncé ft. Jay-Z
45%
August 16 Crazy in Love Beyoncé ft. Jay-Z
45%
August 23 Crazy in Love Beyoncé ft. Jay-Z
45%
August 30 Crazy in Love Beyoncé ft. Jay-Z
45%
May 31 21 Questions 50 Cent ft. Nate Dogg
36%
June 7 21 Questions 50 Cent ft. Nate Dogg
36%
June 14 21 Questions 50 Cent ft. Nate Dogg
36%
June 21 21 Questions 50 Cent ft. Nate Dogg
36%
February 8 All I Have Jennifer Lopez ft. LL Cool J
18%
February 15 All I Have Jennifer Lopez ft. LL Cool J
18%
February 22 All I Have Jennifer Lopez ft. LL Cool J
18%
March 1 All I Have Jennifer Lopez ft. LL Cool J
18%
October 4 Baby Boy Beyoncé ft. Sean Paul
18%
October 11 Baby Boy Beyoncé ft. Sean Paul
18%
October 18 Baby Boy Beyoncé ft. Sean Paul
18%
October 25 Baby Boy Beyoncé ft. Sean Paul
18%
November 1 Baby Boy Beyoncé ft. Sean Paul
18%
November 8 Baby Boy Beyoncé ft. Sean Paul
18%
November 15 Baby Boy Beyoncé ft. Sean Paul
18%
November 22 Baby Boy Beyoncé ft. Sean Paul
18%
November 29 Baby Boy Beyoncé ft. Sean Paul
18%
February 1 Bump, Bump, Bump B2K ft. P. Diddy
18%
May 10 Get Busy Sean Paul
18%
May 17 Get Busy Sean Paul
18%
May 24 Get Busy Sean Paul
18%
September 6 Shake Ya Tailfeather Nelly, P. Diddy, & Murphy Lee
18%
September 13 Shake Ya Tailfeather Nelly, P. Diddy, & Murphy Lee
18%
September 20 Shake Ya Tailfeather Nelly, P. Diddy, & Murphy Lee
18%
September 27 Shake Ya Tailfeather Nelly, P. Diddy, & Murphy Lee
18%
December 6 Stand Up Ludacris ft. Shawnna
18%
June 28 This Is the Night Clay Aiken
9%
July 5 This Is the Night Clay Aiken
9%
No matching quizzes found
Score Distribution
Percent of People with Each Score
Percentile by Number Answered
Your Score History
You have not taken this quiz